La filosofía de Marx /
El documento presenta un análisis de la filosofía marxista, con el fin de hacer accesibles los temas y los problemas filosóficos que fueron abordados por Marx, o que se plantean a partir de sus obras.
שמור ב:
| מחבר ראשי: | |
|---|---|
| מחברים אחרים: | |
| פורמט: | ספר |
| שפה: | Spanish |
| יצא לאור: |
Buenos Aires, Argentina:
Ediciones Nueva Visión,
2006
|
| סדרה: | Colección Claves
|
| נושאים: | |
| תגים: |
הוספת תג
אין תגיות, היה/י הראשונ/ה לתייג את הרשומה!
|
MARC
| LEADER | 00000nam a22000007a 4500 | ||
|---|---|---|---|
| 003 | cru CIDCACS/IIS | ||
| 005 | 20230606102351.0 | ||
| 008 | 191216t2006 ag |||||r||||||0| ||spa|d | ||
| 020 | |a 9506024006 | ||
| 040 | |b cru CRAI/IIS | ||
| 090 | |a 03.03.01 B186f | ||
| 100 | 1 | |a Balibar, Étienne |d 1942- |9 9086 | |
| 245 | 1 | 3 | |a La filosofía de Marx / |c Étienne Balibar |
| 260 | |a Buenos Aires, Argentina: |b Ediciones Nueva Visión, |c 2006 | ||
| 300 | |a 142 páginas | ||
| 440 | |9 9087 |a Colección Claves | ||
| 500 | |a traducido por: Horacio Pons | ||
| 520 | 3 | |a El documento presenta un análisis de la filosofía marxista, con el fin de hacer accesibles los temas y los problemas filosóficos que fueron abordados por Marx, o que se plantean a partir de sus obras. | |
| 650 | 0 | 0 | |9 84 |a FILOSOFIA |
| 650 | 0 | 0 | |9 236 |a MARXISMO |
| 650 | 0 | 0 | |9 3642 |a DOCTRINAS POLITICAS |
| 650 | 0 | 0 | |9 7170 |a PARTIDO COMUNISTA |
| 700 | 1 | |9 9088 |a Horacio, Pons |e traductor | |
| 942 | |2 ddc |c LI |h 03.03.01 B186f |i 18550 |6 030301_B186F_18550 | ||
| 999 | |c 42778 |d 42778 | ||



